000 00213nam a2200097Ia 4500
008 220204s9999 xx 000 0 und d
082 _a82-3
_bNEW
100 _aNewman, Andrea
245 0 _aEvbil streak
942 _cBK
999 _c32135
_d32135